000 01700nam2a2200337 4500
001 RU\NLR\bibl\1383047
005 20250615194039.0
010 _a978-5-209-03057-7
_9500
021 _aRU
_b2009-31770
_91918
035 _a(NLR Aleph) 001375122
090 _a1066500
_c1066500
100 _a20090618d2009 |||y0rusy50 ca
101 0 _arus
102 _aRU
105 _ay |||||||||
200 1 _aСовременный испанский язык в Испании и странах Латинской Америки
_dLa lengua española contemporánea en España y en los países de América Latina
_zspa
210 _d2009
_aБ. м.
215 _a524 с.
320 _aБиблиогр. в подстроч. примеч.
320 _aЛит. о деят. и трудах Н.М. Фирсовой: с. 520
461 0 _1001RU\NLR\bibl\1391740
_12001#$aИзбранные труды$vТ. 2
_91118583
_aФирсова, Н. М. (д-р филол. наук ; 1929-2013)
_cМосква
_d2009
_fН.М. Фирсова
_lObras escogidas
_nРоссийский университет дружбы народов
_o[в 2 т.]
_tИзбранные труды
_vТ. 2
510 0 _6z45790
_aLa lengua española contemporánea en España y en los países de América Latina
_zspa
606 1 _aИспанский язык
_jСборники
_xНациональные варианты
_yЛатинская Америка
_91211630
_3RU\NLR\auth\66491931
686 1 _aШ147.21-54я44
790 1 _6z45510
_aFirsova
_bN. M.
_gNatalija Michajlovna
_4070
801 0 _aRU
_bNLR
_c20090618
_gRCR
801 1 _aRU
_bNLR
_c20090618
942 _cBOOK
980 _aNB